| 000 | 02007nam a22002537a 4500 | ||
|---|---|---|---|
| 003 | Uzh_bibl | ||
| 008 | 260409b |||||||| |||| 00| 0 ukr d | ||
| 020 | _c1.30 | ||
| 040 | _aукр. | ||
| 041 |
_2ukr _aukr |
||
| 080 | _a821(477) | ||
| 090 |
_a821(477) _bП 52 |
||
| 100 | _aПолонський, Радій | ||
| 245 |
_aОсінні акварелі _cХудож. М.С. Баликін _hТекст |
||
| 260 |
_aХарків _bПрапор _c1986 |
||
| 300 |
_a296 с. _fВ опр. |
||
| 520 | _aУ романі "Осінні акварелі" перегукуються події воєнної пори і сучасності, трактуються гострі морольно-етичні проблеми, з якими стикаються в наші дні герої - в минулому фронтові розвідники. Дія повісті "Коротке замикання", як і роману, відбувається в Карпатах у наш час. У цій гостросюжетній оповіді читач зустрінеться з Данилом Демчиком - одним з персонажів "Осінніх акварелей". | ||
| 521 | _aДля широкого кола читачів | ||
| 546 | _aукр. | ||
| 650 |
_aЛітературно-художнє видання _yПеріод Другої світової війни (воєнне минуле героїв — фронтових розвідників); сучасність авторові — приблизно 1970–1980-ті роки _zПодії книги розгортаються в Україні, зокрема в Карпатах |
||
| 653 |
_aВійна _aКарпати _aМораль _aРозвідники |
||
| 655 |
_aРоман (із воєнною та морально-психологічною проблематикою),повість (гостросюжетна, пригодницька) _vРоман. Повість |
||
| 942 |
_2udc _cBK |
||
| 999 |
_c17295 _d17295 |
||